Statistics for Who are/were these people married to? PICTURE QUIZ

Click here to take the quiz!

General Stats

  • This quiz has been taken 51 times
  • The average score is 9 of 15

Answer Stats

Answer% Correct
Hillary Clinton
96%
John Lennon
92%
David Beckham
83%
Beyonce Knowles
79%
Sharon Osbourne
73%
Elizabeth Taylor
65%
Gwyneth Paltrow
50%
Henry VIII
50%
David Bowie
48%
Ellen DeGeneres
48%
Elton John
48%
Isla Fisher
38%
Daniel Craig
35%
Emmanuel Macron
35%
Bill Gates
15%

Score Distribution

Percentile by Number Answered

Percent of People with Each Score

Your Score History

You have not taken this quiz